000 00437nam a2200181Ia 4500
001 17657
005 20260306171533.0
008 260306s9999||||xx |||||||||||||| ||und||
041 _aESP
082 _a658.15
_bA147
100 _aAlbornoz, César
_eAUT
245 0 _aGestión financiera de las organizaciones
260 _c2012
300 _a558 páginas :
_c24 cm.
650 _aGEN
654 _aCAN
942 _cLIB
_dJUS
_fJUS
_2ddc
_n
999 _c17657
_d17657